Aspectos relacionados con los costos de los accidentes de tránsito en Costa Rica

Kaydedildi:
Detaylı Bibliyografya
Yazar: Naranjo Jiménez, Eugenia
Diğer Yazarlar: Sánchez Eger, Gertrud
Materyal Türü: Kitap
Baskı/Yayın Bilgisi: San José, Costa Rica 1992
Konular:
Etiketler: Etiketle
Etiket eklenmemiş, İlk siz ekleyin!

MARC

LEADER 00000nam a2200000Ia 4500
003 005467
005 20221231144321.0
008 140114s1992 cr a m 000 ||s d
040 |c cru CEDI 
090 |a TFG 2608 
100 |a Naranjo Jiménez, Eugenia  |9 12369 
245 |a Aspectos relacionados con los costos de los accidentes de tránsito en Costa Rica 
260 |c 1992  |a San José, Costa Rica 
300 |a  85, [127] hojas : ilustraciones ; 28 cm.  
500 |a  Proyecto de graduacion (licenciatura en ingenieria civil)--Universidad de Costa Rica. Facultad de Ingeniería. Escuela de Ingenieria Civil 
650 |x ACCIDENTES DE TRANSITO - COSTOS - COSTA RICA  |9 12371 
700 |9 12370  |a Sánchez Eger, Gertrud 
942 |c TFG  |2 ddc 
999 |c 20067  |d 20067